Statistics for European Countries With Most Muslims

Click here to take the quiz!

General Stats

  • This quiz has been taken 154 times
  • The average score is 9 of 10

Answer Stats

RankCountryAmount% Correct
3France5,720,000
98%
1Russia11,700,000
98%
4Germany4,500,000
97%
5United Kingdom4,130,000
96%
10Spain1,180,000
90%
9Albania1,797,000
89%
7Bosnia and Herzegovina1,955,000
88%
6Italy2,987,000
88%
2Turkey11,060,000
87%
8Kosovo1,823,000
75%

Score Distribution

Percentile by Number Answered

Percent of People with Each Score

Your Score History

You have not taken this quiz